Food selection preparation and cooking (Record no. 2638)

MARC details
000 -LEADER
fixed length control field 00667nam a22002057a 4500
003 - CONTROL NUMBER IDENTIFIER
control field URS
005 - DATE AND TIME OF LATEST TRANSACTION
control field 20220114142221.0
008 - FIXED-LENGTH DATA ELEMENTS--GENERAL INFORMATION
fixed length control field 190703s2014 ph a|||| |||| 00| 0 eng d
020 ## - INTERNATIONAL STANDARD BOOK NUMBER
International Standard Book Number 9789719617112
040 ## - CATALOGING SOURCE
Language of cataloging eng
Transcribing agency URS
Modifying agency rda
050 14 - LIBRARY OF CONGRESS CALL NUMBER
Classification number TX 601
Item number .F6341 2014
100 ## - MAIN ENTRY--PERSONAL NAME
Personal name Flores, Eva Nebril
245 10 - TITLE STATEMENT
Title Food selection preparation and cooking
Statement of responsibility, etc. Eva Nebril- Flores
260 ## - PUBLICATION, DISTRIBUTION, ETC.
Name of publisher, distributor, etc. Wiseman's Book Trading, Incorporated;
Date of publication, distribution, etc. [2014]
300 ## - PHYSICAL DESCRIPTION
Extent 335 pages
Other physical details with illustrations
Dimensions 26 cm
504 ## - BIBLIOGRAPHY, ETC. NOTE
Bibliography, etc. note Bibiliography: 334 pages
524 ## - PREFERRED CITATION OF DESCRIBED MATERIALS NOTE
Preferred citation of described materials note E.N. Flores (2014) Food selection preparation and cooking. Wiseman's Trading Incorporated.
650 #0 - SUBJECT ADDED ENTRY--TOPICAL TERM
Topical term or geographic name entry element Cooking
942 ## - ADDED ENTRY ELEMENTS (KOHA)
Source of classification or shelving scheme Library of Congress Classification
Koha item type Filipiniana
Holdings
Withdrawn status Source of classification or shelving scheme Damaged status Not for loan Collection code Home library Current library Shelving location Date acquired Total Checkouts Full call number Barcode Date last seen Price effective from Koha item type
  Library of Congress Classification     Non-fiction Cainta College Library Cainta College Library On Display 07/03/2019   TX 601.F6341 2014 URSCAI-5174 11/04/2016 11/04/2016 Filipiniana
  Library of Congress Classification     Non-fiction Cainta College Library Cainta College Library On Display 07/03/2019   TX 601.F6341 2014 URSCAI-5175 11/04/2016 11/04/2016 Filipiniana

University of Rizal System
Email us at univlibservices@urs.edu.ph

Visit our Website www.urs.edu.ph/library